50 Largest Cities in New York - Statistics

General Stats
  • This quiz has been taken 95 times
  • The average score is 17 of 50
Answer Stats
Rank Answer % Correct
1 New York
99%
2 Buffalo
98%
5 Syracuse
93%
6 Albany
90%
3 Rochester
90%
4 Yonkers
87%
10 Utica
72%
9 Schenectady
62%
7 New Rochelle
56%
20 Poughkeepsie
56%
14 Troy
55%
13 Niagara Falls
54%
11 White Plains
54%
24 Ithaca
51%
15 Binghamton
50%
8 Mount Vernon
40%
42 Plattsburgh
40%
25 Elmira
38%
32 Watertown
38%
34 Saratoga Springs
37%
12 Hempstead
34%
18 Rome
34%
37 Kingston
30%
23 Jamestown
27%
27 Newburgh
26%
48 Oswego
21%
47 Amsterdam
20%
19 Long Beach
17%
38 Peekskill
17%
28 Middletown
16%
50 Scarsdale
16%
44 Cortland
15%
16 Freeport
12%
21 North Tonawanda
12%
35 Ossining
12%
26 Port Chester
12%
39 Garden City
11%
33 Glen Cove
11%
17 Valley Stream
10%
29 Auburn
9%
40 Lockport
9%
22 Spring Valley
9%
30 Harrison
7%
41 Kiryas Joel
6%
45 Mamaroneck
6%
46 Mineola
6%
36 Rockville Centre
6%
49 Lackawanna
4%
31 Lindenhurst
1%
43 Lynbrook
1%
No matching quizzes found
Score Distribution
Percent of People with Each Score
Percentile by Number Answered
Your Score History
You have not taken this quiz